000 00335pam a2200133 a 4500
020 _c
041 _h
082 _a4.5
100 _aCOOMBS (Test) / COOMBS (Tanson)
_eauthor
245 _aDbase 5 for windows programming for Dummies
_hTextual Document
260 _bMoscow Progress Pub. B
_c1994
300 _axx, 383
930 _a2374
999 _c821588
_d821588